logo

Bir Sreshtho Munshi Abdur Rouf Library
Jhenaidah Cadet College

একাওরের রণাঙ্গন / (Record no. 755)

MARC details
000 -LEADER
fixed length control field 00587nam a2200193 a 4500
003 - CONTROL NUMBER IDENTIFIER
JCCL marc code BD-JhCC
005 - DATE AND TIME OF LATEST TRANSACTION
control field 20171009182608.0
008 - FIXED-LENGTH DATA ELEMENTS--GENERAL INFORMATION
fixed length control field 171009s1981 bg |||| |||| 00| 0 ben d
035 ## - SYSTEM CONTROL NUMBER
system control number (BD-JhCC)
040 ## - CATALOGING SOURCE
Original cataloging agency BD-JhCC
Modifying agency BD-JhCC
041 ## - LANGUAGE CODE
Language code of Book ben
082 ## - DEWEY DECIMAL CLASSIFICATION NUMBER
Classification number 954.9205
Author mark and Year CHD 1981
100 ## - MAIN ENTRY--PERSONAL NAME
Personal name চৌধুরী, শামসুল হুদা
245 ## - TITLE STATEMENT
Title একাওরের রণাঙ্গন /
Statement of responsibility, etc শামসুল হুদা চৌধুরী
300 ## - PHYSICAL DESCRIPTION
Pagination 640 p. :
Dimensions 21 cm.
650 ## - SUBJECT ADDED ENTRY--TOPICAL TERM
Topical term or geographic name as entry element Leberation war-1971
General subdivision History
Geographic subdivision Bangladesh
942 ## - ADDED ENTRY ELEMENTS (KOHA)
Source of classification or shelving scheme Dewey Decimal Classification
Koha item type Books

No items available.


JCC Library | Contacts | JCC Home

Last Update on 23 September 2017
Copyright @ 2017-2020 JCC Rouf Library
Rouf Library, Jhenidah Cadet College (JCC), Bangladesh